| 000 | 02279nam0a2200385 4500 | ||
|---|---|---|---|
| 001 | RU\NLR\bibl\1783573 | ||
| 005 | 20260408071820.0 | ||
| 010 |
_a978-5-7139-0852-2 _92000 |
||
| 021 |
_aRU _b2011-43147 _93060 |
||
| 035 | _a(NLR Aleph) 001774311 | ||
| 090 |
_a1657530 _c1657530 |
||
| 100 | _a20110628d2011 |||y0rusy50 ca | ||
| 101 | 0 | _arus | |
| 102 | _aRU | ||
| 105 | _ay ||||||||| | ||
| 200 | 1 |
_aТехнологии социальной работы _eучебник для студентов высших учебных заведений _f[акад. РАН В.И. Жуков, д.ист.н., проф. Т.А. Дубровская, к.воен.н, проф. В.Е. Макаров и др. _gпод ред. акад. РАН В.И. Жукова] _gМ-во образования и науки Рос. Федерации, Рос. гос. социал. ун-т |
|
| 210 |
_aМосква _cИзд-во Российского государственного социального университета _d2011 |
||
| 215 |
_a385, [1] с. _d22 |
||
| 225 | 1 | _aСоциальное образование XXI века | |
| 300 | _aАвт. указаны на обороте тит. л. | ||
| 320 | _aБиблиогр.: с. 351-353 (23 назв.) и в конце тем | ||
| 606 | 1 |
_aСоциальная работа _jУчебники для высших учебных заведений _xТеория _92078603 _3RU\NLR\auth\661254465 |
|
| 686 | _aС550.473я73 | ||
| 686 | _aУ27(0)2я73 | ||
| 701 | 1 |
_4070 _8rus _7ca _aЖуков _bВ. И. _cд-р ист. наук _f1947- _gВасилий Иванович _3RU\NLR\auth\7728057 _911088 |
|
| 701 | 1 |
_4070 _8rus _7ca _aДубровская _bТ. А. _gТатьяна Александровна _3RU\NLR\auth\77108031 _990956 |
|
| 701 | 1 |
_4070 _8rus _7ca _aМакаров _bВ. Е. _cд-р полит. наук, социальная работа _gВладимир Евгеньевич _3RU\NLR\auth\7781771 _964699 |
|
| 712 | 0 | 2 |
_4570 _aРоссийский государственный социальный университет _3RU\NLR\AUTH\8810057480 _9615910 |
| 801 | 0 |
_aRU _bNLR _c20110628 _gRCR |
|
| 801 | 1 |
_aRU _bNLR _c20110628 |
|
| 830 | _aавт. по ЭК | ||
| 942 | _cBOOK | ||
| 980 | _aNB | ||
| 980 | _aNBR | ||